Sensors and actuators (Record no. 312185)
[ view plain ]
| 000 -LEADER | |
|---|---|
| fixed length control field | 00584 a2200217 4500 |
| 005 - DATE & TIME | |
| control field | 20240722160156.0 |
| 008 - FIXED-LENGTH DATA ELEMENTS--GENERAL INFORMATION | |
| fixed length control field | 240722b |||||||| |||| 00| 0 eng d |
| 020 ## - ISBN | |
| International Standard Book Number | 9780000991799 |
| Price | Rs. 1295.00 |
| 040 ## - CATALOGING SOURCE | |
| Original cataloging agency | VIVEKANANDA LIBRARY |
| 082 ## - DDC NUMBER | |
| Classification number | 621.38 |
| Book Number | A25S |
| 100 ## - MAIN ENTRY--PERSONAL NAME | |
| Personal name | Alegria, Francisco André Corrêa |
| 245 ## - TITLE STATEMENT | |
| Title | Sensors and actuators |
| 260 ## - PUBLICATION, DISTRIBUTION, ETC. (IMPRINT) | |
| Name of publisher, distributor, etc | World Scientific |
| Date of publication, distribution, etc | 2024 |
| Place of publication, distribution, etc | Singapore |
| 300 ## - PHYSICAL DESCRIPTION | |
| Pages | xviii, 384 |
| 650 ## - Subject | |
| Subject | Nanotechnology |
| 650 ## - Subject | |
| Subject | Electric Field |
| 650 ## - Subject | |
| Subject | LED |
| 650 ## - Subject | |
| Subject | Electromagnetic Radiation |
| 650 ## - Subject | |
| Subject | Communication with Sensor |
| 942 ## - ADDED ENTRY ELEMENTS (KOHA) | |
| Koha item type | Books |
| Withdrawn status | Lost status | Source of classification or shelving scheme | Damaged status | Not for loan | Location (home branch) | Sublocation or collection (holding branch) | Shelving location | Date acquired | Koha issues (times borrowed) | Koha full call number | Accession No. | Koha date last seen | Koha item type |
|---|---|---|---|---|---|---|---|---|---|---|---|---|---|
| Dewey Decimal Classification | VIVEKANANDA LIBRARY | VIVEKANANDA LIBRARY | Vivekananda Library | 06/03/2024 | 621.38 A25S | 435425 | 06/03/2024 | Books |
